000 00580cam a2200181 a 4500
001 e 10001899
003 DLC
005 20260227111154.0
008 990601s1903 cl 000 0 spa
010 _ae 10001899
040 _aU.S. Bur. of Ed. Lib.
_cNIE
_dNIE
_dDLC
050 0 0 _aLB775 .R625
_bA3 1903
100 1 _aRodríguez García, Gerardo.
245 1 0 _aPreliminares de una teoría de la educación intelectual /
_cGerado Rodriguez Garcia.
260 _aSantiago :
_bImpr. Pap. gaceta de F. López y Hermano,
_c1903.
300 _a320 p. ;
_c18 cm.
650 0 _aEducation.
999 _c19072
_d19072